Základné informácie začínajúcim podnikateľom v oblasti odmeňovania zamestnancov

Podrobná bibliografia
Hlavný autor: Mačuha, Miroslav (Autor)
Médium: Článok
Jazyk:slovenčina
ISSN:1335-0714
Predmet:

MARC

LEADER 00000nab a2200000 a 4500
001 vtls000637252
003 SK-MaSNL
005 20260302185111.0
008 160401c1997 xo 0 slo
015 |a SNBRB19rr/mm-uuuuu 
035 |a CL0637391 
040 |a SNKBUCL  |b slo  |c SNKBUCL  |e AACR2 
041 0 |a slo 
044 |a xo  |c SK 
080 |a 331.2:349.2  |2 1981 
080 |a 349.2  |2 1981 
100 1 |a Mačuha, Miroslav  |4 aut  |9 8892 
245 1 0 |a Základné informácie začínajúcim podnikateľom v oblasti odmeňovania zamestnancov  |c Miroslav Mačuha 
650 0 7 |a mzdy  |2 snkbucl  |9 2316 
650 0 7 |a zamestnávatelia  |2 snkbucl  |9 13672 
655 7 |a články z novín a časopisov  |2 snkbucl  |9 267496 
773 0 |x 1335-0714  |t Ekonomický a právny poradca podnikateľa  |g Č. 15 (1997), s. 64-68 
850 |a Slovenská národná knižnica v Martine  |a MTA001 
852 |a SNK  |b KIS3GCP 
958 |a RK 
958 |a RBX 
999 |c 1428086  |d 1430016